书目信息 |
| 题名: |
幼儿师范学校教科书
|
|
| 作者: | ;人民教育出版社 编著 | |
| 分册: | 第二册 美术鉴赏 | |
| 出版信息: | 北京 人民教育出版社 1999 |
|
| 页数: | 77页 | |
| 开本: | 26cm | |
| 丛书名: | ||
| 单 册: | ||
| 中图分类: | J-43 , G613 | |
| 科图分类: | ||
| 主题词: | 美术--幼儿师范学校--教材 , 教育--各级 | |
| 电子资源: | ||
| ISBN: | 7-107-13290-3 | |
| 000 | 00919nam0 2200253 450 | |
| 001 | 1532260590 | |
| 005 | 20150131085805.82 | |
| 010 | @a7-107-13290-3@dCNY9.60 | |
| 100 | @a20021005d1999 em y0chiy0110 ea | |
| 101 | 0 | @achi |
| 102 | @aCN@b110000 | |
| 105 | @aa z 000yy | |
| 200 | 1 | @a幼儿师范学校教科书@9you er shi fan xue xiao jiao ke shu@h第二册@i美术鉴赏@e试用本@f人民教育出版社美术室编著 |
| 210 | @a北京@c人民教育出版社@d1999@h2000印 | |
| 215 | @a77页@d26cm | |
| 300 | @a国家教育部规划教材 | |
| 330 | @a本套美术教科书分4册。本册从美术的形式之美,美术的情感表达,美术与生活的联系,中外美术发展的系统知识四个方面介绍了雕塑、工艺品、建筑等的鉴赏知识。 | |
| 606 | 0 | @a美术@x幼儿师范学校@x教材 |
| 606 | 0 | @a教育@x各级 |
| 690 | @aJ-43@v5 | |
| 690 | @aG613@v4 | |
| 711 | 02 | @a人民教育出版社@9ren min jiao yu chu ban she mei shu shi@b美术室@4编著 |
| 801 | 0 | @aCN@bTSSF@c20150131 |
| 905 | @aZUCC@dG613@eJY67:2 | |
| 幼儿师范学校教科书.第二册.美术鉴赏:试用本/人民教育出版社美术室编著.-北京:人民教育出版社,1999(2000印) |
| 77页;26cm |
| 国家教育部规划教材 |
| ISBN 7-107-13290-3:CNY9.60 |
| 本套美术教科书分4册。本册从美术的形式之美,美术的情感表达,美术与生活的联系,中外美术发展的系统知识四个方面介绍了雕塑、工艺品、建筑等的鉴赏知识。 |
| ● |
| 相关链接 |
|
|
|
|
正题名:幼儿师范学校教科书
索取号:G613/JY67:2
 
预约/预借
| 序号 | 登录号 | 条形码 | 馆藏地/架位号 | 状态 | 备注 |
| 1 | 7858131 | 278581312 | 学院路分馆/ [索取号:G613/JY67:2] | 在馆 | |
| 2 | 7858132 | 278581321 | 学院路分馆/ [索取号:G613/JY67:2] | 在馆 |